Bon Jovi - Bad Medicine Lyrics Quiz - Statistics

General Stats
  • This quiz has been taken 22 times
  • The average score is 55 of 68
Answer Stats
Lyrics % Correct
Bad, bad {medicine}
100%
Bad, bad {medicine}
100%
Bad, bad {medicine}
100%
Bad, bad {medicine}
100%
Bad, bad {medicine}
100%
Bad medicine is what I {need}
100%
Bad medicine is what I {need}
100%
Bad medicine is what I {need}
100%
Bad medicine is what I {need}
100%
Bad medicine is what I {need}
100%
{Bad} {medicine} is what I need
100%
Is what I {need}
100%
Oh, oh, oh, {shake} it up, just like bad medicine
100%
Oh, oh, oh, {shake} it up, just like bad medicine
100%
Oh, oh, oh, {shake} it up, just like bad medicine
100%
Oh, oh, oh, {shake} it up, just like bad medicine
100%
Oh, oh, oh, {shake} it up, just like bad medicine
100%
Oh, oh, oh, {shake} it up, just like bad medicine
100%
Oh, oh, oh, {your} {love} is like bad medicine
100%
Oh, oh, oh, {your} {love} is like bad medicine
100%
Oh, oh, oh, {your} {love} is like bad medicine
100%
Your love, {bad} {medicine}
100%
{Your} {love}, bad medicine
100%
Your love, {bad} {medicine}
100%
Your love is like {bad} {medicine}
100%
Your love is like {bad} {medicine}
100%
First you need (That's what you get for {falling} {in} love)
95%
(That's what you get for {falling} {in} love)
95%
(That's what you get for {falling} {in} love)
95%
When you need (That's what you get for {falling} {in} love)
95%
And then you're on your {knees}
89%
And then you're on your {knees}
89%
There ain't {no} {doctor} that can cure my disease
89%
There ain't {no} {doctor} that can cure my disease
89%
There ain't {no} {doctor} that can cure my disease
89%
And I don't need no anesthesia or a {nurse} to bring a pill
84%
I got a jones for your affection like a {monkey} on my back
84%
Is what I {want}
84%
Is what I {want}
84%
I gotta do, I {gotta}
79%
I gotta do, I {gotta}
79%
I {gotta}, I gotta
79%
Now this boy's {addicted} 'cause your kiss is the drug
79%
Now this boy's {addicted} 'cause your kiss is the drug
79%
And I got all the {symptoms}, count 'em one, two, three
74%
There ain't no paramedic gonna save this {heart} {attack}
74%
I ain't got a fever, I got a {permanent} {disease}
68%
I don't need no {needle} {to} be giving me a thrill
68%
I got lots of {money}, but it isn't what I need
68%
It'll take {more} {than} a doctor to prescribe a remedy
68%
Then you bleed (You get a little and it's {never} {enough})
68%
Then you bleed (You get a little and it's {never} {enough})
68%
Gonna take more than a shot to get {this} {poison} out of me
63%
I gotta do it {again}
63%
I need a {respirator} 'cause I'm running out of breath
63%
Oh, {baby}, oh, baby
63%
Well, they haven't {found} it yet
63%
'Cause if there's something {better}, baby
58%
For you're an all night generator {wrapped} {in} stockings and a dress
58%
I got a {dirty} {down} addiction that doesn't leave a track
53%
Wait a minute, wait a minute, {hold} {on}
53%
You got {the} {potion} that can cure my disease
47%
Your love's {the} {potion} that can cure my disease
47%
I'm {not} {done}, one more time, with feel
42%
So {let's} {play} doctor, baby, cure my disease
42%
When you {find} {your} medicine, you take what you can get
42%
Come on, one for that, {help} {me} up, now
37%
{Your} {kiss} is what I need
32%
No matching quizzes found
Score Distribution
Percent of People with Each Score
Percentile by Number Answered
Your Score History
You have not taken this quiz